| 000 | 01181cam a22003735a 4500 | ||
|---|---|---|---|
| 001 | 013674594 | ||
| 003 | OSt | ||
| 005 | 20240818093029.0 | ||
| 006 | m||||fq||z 00| 0 | ||
| 008 | 050311t2005 cau frbd 001 0 eng d | ||
| 010 | _a2001047033 | ||
| 020 | _a9780321269843 | ||
| 020 | _a0321269845 | ||
| 020 | _a0805371729 | ||
| 035 | _a(StGlU)b22387705 | ||
| 038 | _aUkLCURL | ||
| 040 |
_aDLC _beng _cDLC _dC[hash]P _dCPaX _dEG-ScBUE |
||
| 082 | 0 | 4 |
_a570 _bCAM _222 |
| 100 | 1 |
_aCampbell, Neil A., _d1946-2004. |
|
| 245 | 1 | 0 |
_aBiology / _cNeil A. Campbell, Jane B. Reece. |
| 250 | _a7th ed., International ed. | ||
| 260 |
_aSan Francisco, Calif. ; _aLondon : _bPearson Benjamin Cummings, _cc.2005. |
||
| 300 |
_a1 v. (various pagings) : _bill. (col.) ; _c28 cm. + _e1 CD-ROM (4 3/4 in.) |
||
| 500 | _aIncludes access code for online material. | ||
| 504 | _aIncludes bibliographical references and index. | ||
| 650 | 7 |
_aBiology. _2BUEsh |
|
| 651 | _2BUEsh | ||
| 653 |
_bENGCHE _cJanuary2018 |
||
| 700 | 1 | _aReece, Jane B. | |
| 942 |
_2ddc _hRDA-MOD |
||
| 999 |
_c25934 _d25906 |
||
| 336 |
_2rdacontent _atext _btxt |
||
| 337 |
_aunmediated _2rdamedia _bn |
||
| 338 |
_avolume _bnc _2rdacarrier |
||